Регионална библиотека "Любен Каравелов" - Русе

Дневникът на един Дръндьо : Под пара : Ч.11 (Запис номер 325627)

MARC детайли
000 -Лидер
Контролно поле с фиксирана дължина 01346nam a2200325 a 4500
003 - Код на организацията, давaща контролен номер
Контролно поле BLK
005 - Дата и час на последна редакция
Контролно поле 20250725171958.0
008 - Елементи от данни с фиксирана дължина
fixed length control field 180411b bul|||||r ||||||| ||bul||
010 ## - Наследен системен номер
LC control number KNG00198402000
020 ## - Международен стандартен номер на книга ISBN
Международен стандартен номер на книга ISBN 978-954-8396-784-4
Поясняваща информация мека подв.
020 ## - Международен стандартен номер на книга ISBN
Международен стандартен номер на книга ISBN 978-954-8396-84-4
040 ## - Източник на каталожния запис
Идентификатор на билиотеката - собственик на записа BLK
041 ## - Код за език
Код за езика на текст/звукозапис или на отделно заглавие Български
Код за езика КДБФ Български
072 #7 - Код за тематичната категория
Код организация bullib
Код за тематична категория Н85
Текст Детска художествена литература Н
080 ## - УДК
Текстов определител УДК Американска литература (на САЩ)
УДК код - определител по УДК 821.111(73)
УДК определител -93-32
УДК - код + определител 821.111(73)-93-32
100 1# - Редна дума - Автор
Автор Кини, Джеф
Авторска отговорност първи автор
R(LIN) 309890
139 ## - Редно поле
Редна дума Кини, Джеф
Авторски знак Кин - К 54
245 10 - Сведения за заглавието
Заглавие Дневникът на един Дръндьо : Под пара : Ч.11
Редно поле (дума) Джеф Кини ; прев. Михаил Балабанов.
257 ## - Страна на издаване
Страна на създаване/издаване Съединени американски щати
260 ## - Област на издателските данни
Име на издателя, разпространителя и проч. ДУО ДИЗАЙН
Година на издаване 2016
Място на издаване, разпространение и проч. София
300 ## - Физическа характеристика
Страници 218 с.
Илюстрации и др. с ил.
Размери/Мащаб 21 см
380 ## - Жанр
Жанр Детска худож. лит.
500 ## - Общи забележки
Забележка Ориг. загл. Diary of a Wimpy Kid. Double Down. / Jeff Kinney. - Съдържа и За автора. Кн. 11
700 ## - Други автори (авторска отговорност)
Лично име Балабанов, Михаил Петров
Автороска отговорност (Описва отношението между автора и произведението) прев. от англ.
9 (RLIN) 1021
852 ## - Местоположение
Форматна сигнатура Цб 295098
Фондова буква Хранилище
856 4# - Електронен адрес и достъп
Електронен формат pdf - файл
Инструкция (цена за достъп) 0.00
Права за достъп disable
856 4# - Електронен адрес и достъп
Електронен формат pdf - файл
Инструкция (цена за достъп) 0.00
Права за достъп disable
999 ## - СИСТЕМНИ КОНТРОЛНИ НОМЕРА
Koha biblionumber 325627
Koha biblioitemnumber 325627
942 ## - АРТИКУЛИ
Вид на библиотечния материал Книги
Скрит в OPAC Не
Koha issues (borrowed), all copies 332
Периодичен библиозапис Да
944 ## - СЪЗДАВАНЕ И РЕДАКЦИЯ на ЗАПИСА
Служител, извършил регистрацията/редакцията 30531
Статус, дата на статуса Цветелина Шанова
Наличности
Код за отписване Код за изгубен артикул Източник на класификационната схема Код за повреда Код за отдаване Артикулен № Име на библиотеката - собственик Име на библиотеката, в която се намира в момента Статус (Текущо местоположение) Дата на вписване в системата Местоположение - отдел Цена в лева Инвентарен номер Систематично азбучна сигнатура Баркод Цена в евро Служебен тип на артикула Коз за рестрикции
  Не е изгубен Universal Decimal Classification Не е повреден заемане за дома 681575 Регионална библиотека "Любен Каравелов" Русе Регионална библиотека "Любен Каравелов" Русе Детски отдел 2018-10-22 Детски отдел 13.42 120000825191 ДХ 820/899/К 54 120000825191 6.86 Книги  
  Не е изгубен Universal Decimal Classification Не е повреден заемане за дома 681576 Регионална библиотека "Любен Каравелов" Русе Регионална библиотека "Любен Каравелов" Русе Детски отдел 2018-10-22 Детски отдел 13.42 120000825193 ДХ 820/899/К 54 120000825193 6.86 Книги  
  Не е изгубен Universal Decimal Classification Не е повреден заемане за дома 681577 Регионална библиотека "Любен Каравелов" Русе Регионална библиотека "Любен Каравелов" Русе Детски отдел 2018-10-22 Детски отдел 13.42 120000825192 ДХ 820/899/К 54 120000825192 6.86 Книги  
  Не е изгубен Universal Decimal Classification Не е повреден заемане за дома 681716 Регионална библиотека "Любен Каравелов" Русе Регионална библиотека "Любен Каравелов" Русе Детски отдел 2018-10-31 Детски отдел 12.53 120000825501 ДХ 820/899/К 54 120000825501 6.41 Книги без рестрикции
  Не е изгубен Universal Decimal Classification Не е повреден заемане за дома 681717 Регионална библиотека "Любен Каравелов" Русе Регионална библиотека "Любен Каравелов" Русе Детски отдел 2018-10-31 Детски отдел 12.53 120000825503 ДХ 820/899/К 54 120000825503 6.41 Книги без рестрикции
Изтеглен Не е изгубен Universal Decimal Classification Не е повреден заемане за дома 681718 Регионална библиотека "Любен Каравелов" Русе Регионална библиотека "Любен Каравелов" Русе Детски отдел 2018-10-31 Детски отдел 12.53 120000825502 ДХ 820/899/К 54 120000825502 6.41 Книги без рестрикции
  Не е изгубен Universal Decimal Classification Не е повреден ползва се в читалня 721991 Регионална библиотека "Любен Каравелов" Русе Регионална библиотека "Любен Каравелов" Русе Хранилище 2019-06-17 Хранилище 17.90   Цб 295098 120000832463 9.15 Книги без рестрикции
  Не е изгубен Universal Decimal Classification Не е повреден заемане за дома 921941 Регионална библиотека "Любен Каравелов" Русе Регионална библиотека "Любен Каравелов" Русе Детски отдел 2023-01-18 Детски отдел 12.53   821-93/К 54 Д 120000881595 6.41 Книги без рестрикции
  Не е изгубен Universal Decimal Classification Не е повреден заемане за дома 921942 Регионална библиотека "Любен Каравелов" Русе Регионална библиотека "Любен Каравелов" Русе Детски отдел 2023-01-18 Детски отдел 12.53   821-93/К 54 Д 120000881596 6.41 Книги без рестрикции
Vip Innovations Ltd, Rousse, Bulgaria 2025